| 000 | 00479nam a2200121Ia 4500 | ||
|---|---|---|---|
| 008 | 220216s9999 xx 000 0 und d | ||
| 100 | _aSharma M N | ||
| 245 | 0 | _aProtection of rubber wood by wood guard and oil based preservative | |
| 260 | _bIn: Proceedings of the National Seminar on Processing and Utilisation of Plantation Timbers and Bamboo, 23-24 July 1998, IPIRTI, Bangalore, India, pp. 179-183. | ||
| 700 | _aAnanthapadmanbha H C | ||
| 700 | _aNagaveni H C | ||
| 942 | _cBO | ||
| 999 |
_c48266 _d48266 |
||